LEADER 00673nam0-22002651i-450- 001 990003301830403321 005 20080603140214.0 035 $a000330183 035 $aFED01000330183 035 $a(Aleph)000330183FED01 035 $a000330183 100 $a20030910d1988----km-y0itay50------ba 101 0 $aeng 105 $ay-------001yy 200 1 $a<>world in 1989 210 $aLondon$cEconomist Publications$d1988 610 0 $aEconomia 676 $a330.5 801 0$aIT$bUNINA$gRICA$2UNIMARC 901 $aBK 912 $a990003301830403321 952 $a330.5 AA.VV.$bLINGUE 818$fDECLI 959 $aDECLI 996 $aWorld in 1989$9446691 997 $aUNINA LEADER 01223nam0 2200301 450 001 000022477 005 20081009124255.0 100 $a20081009d1971----km-y0itaa50------ba 101 0 $aita 102 $aIT 200 1 $aAncora una filosofia della storia per l'educazione dell'umanità$econtributo a molti contributi del secolo$fJohann Gottfried Herder$gintroduzione e traduzione di Franco Venturi 210 $aTorino$cEinaudi$d1971 215 $aXXXII, 130 p.$c19 cm 225 2 $aNuova universale Einaudi$v120 410 1$12001$aNuova universale Einaudi$v120 606 1 $aFilosofia della storia 676 $a901$v(21. ed.)$9Filosofia e teoria della storia 700 1$aHerder,$bJohann Gottfried$0290444 702 1$aVenturi,$bFranco 801 0$aIT$bUniversità della Basilicata - B.I.A.$gRICA$2unimarc 912 $a000022477 996 $aAncora una filosofia della storia per l'educazione dell'umanit?$987773 997 $aUNIBAS BAS $aLETTERE CAT $aEXT10$b01$c20081009$lBAS01$h1221 CAT $aEXT10$b01$c20081009$lBAS01$h1242 FMT Z30 -1$lBAS01$LBAS01$mBOOK$1BASA1$APolo Storico-Umanistico$2FMAS$BFondo Masini$3FMas/817/157$6817/157$5B817/157$820081009$f04$FPrestabile Didattica